| 000 | 00767nam0a22002411 4500 | ||
|---|---|---|---|
| 001 | rc\142472 | ||
| 005 | 20030307112431.8 | ||
| 010 |
_a5-7058-0237-8 _95000 |
||
| 035 | _a(NLR Aleph) 005413597 | ||
| 090 |
_a7399917 _c7399917 |
||
| 100 | _a20030307d1993 u |0rusy50 ca | ||
| 101 | 0 | _arus | |
| 102 | _aRU | ||
| 105 | _aa ||||||||| | ||
| 200 | 1 |
_aКнига Памяти _e[Кириш. р-н Ленингр. обл. _eСборник _fСост. В.Ф. Амбражевича] |
|
| 210 |
_aКириши _aСПб. _cЛИО "Редактор" _d1993 |
||
| 215 |
_a243, [3] с., [8] л. ил. _cил. _d21 |
||
| 702 | 1 |
_aАмбражевич _bВ. Ф. _4220 |
|
| 801 | 0 |
_aRU _bNLR _gpsbo |
|
| 801 | 1 |
_aRU _bELAR _2rusmarc |
|
| 852 |
_aNLR _bС _jК-2/6120 |
||
| 942 | _cBOOK | ||
| 980 | _aNB | ||